| 000 | 00859nam a2200241 a 4500 | ||
|---|---|---|---|
| 001 | 74305 | ||
| 003 | BD-RjUL | ||
| 005 | 20211209082532.0 | ||
| 008 | 180628s1963 ii b|||| |||| 00| 0 ben d | ||
| 020 | _c: IRs.15.00 | ||
| 035 | _a(BD-RjUL)74523 | ||
| 040 |
_aBD-RjUL _beng _cBD-RjUL |
||
| 041 | _aben | ||
| 082 |
_223 _a954.14 _bMOB 1963 |
||
| 100 | 1 |
_aমন্ডল, সুশীলা _9221577 |
|
| 245 | 1 | 0 |
_aবঙ্গদেশের ইতিহাস : মধ্যযুগ / _cসুশীলা মন্ডল প্রণীত |
| 260 |
_aকলিকাতা : _bপ্রকাশ মন্দির , _c১৯৬৩ |
||
| 300 |
_aখন্ড. ; _bচিত্র ; _c২২ সেমি. |
||
| 505 | 1 | _aখন্ড, ১ -- | |
| 650 |
_aভারত _vইতিহাস _9222125 |
||
| 650 |
_ahistory _zIndia _9221579 |
||
| 942 |
_2ddc _cBK |
||
| 999 |
_c74305 _d74305 |
||